| 000 | 00642nam a2200205 i 4500 | ||
|---|---|---|---|
| 001 | 27038 | ||
| 003 | ES-MaACL | ||
| 005 | 20250804004818.0 | ||
| 007 | t| | ||
| 008 | 030113s1969 sp ||||1| spa d | ||
| 100 | 1 |
_aAuzias, Jean-Marie. _923986 |
|
| 245 | 1 | 3 |
_aEl estructuralismo / _cJean-Marie Auzias ; [traductor: Santiago González Noriega]. |
| 260 |
_aMadrid : _bAlianza, _c[1969] |
||
| 300 |
_a188 p. ; _c18 cm. |
||
| 490 | 1 |
_alibro de bolsillo ; _v176 |
|
| 700 | 1 |
_aGonzález Noriega, Santiago. _958840 |
|
| 830 | 0 | 3 |
_aEl libro de bolsillo _v176 _9177802 |
| 852 |
_aES-MaACL _jC-36512 _bR.69909 |
||
| 999 |
_c27038 _d27038 |
||